| 000 | 00600nam a22002052 4500 | ||
|---|---|---|---|
| 001 | 0000005928 | ||
| 005 | 20151217152008.0 | ||
| 008 | 070809s xx 000 0 eng d | ||
| 020 | _cKES 850 | ||
| 040 |
_aKABU _cKABU |
||
| 050 | 0 |
_aHG5843 _b.N35A59 |
|
| 245 | 1 | 0 |
_aAnyone can be rich : _bKenya economy and the Nairobi stock exchange. |
| 260 |
_aNairobi : _bEnglish Press Ltd., _c?. |
||
| 300 | _a152 p. | ||
| 610 | 2 | 0 |
_aNairobi Stock Exchange. _@0000157232 |
| 700 | 1 |
_aSatchu, Aly-Khan. _@0000157233 |
|
| 908 | _a070809 | ||
| 950 | _@1 | ||
| 999 |
_c7127 _d7127 |
||